Statystyki dla Każdy Polak w UFC

Kliknij tutaj aby rozwiązać quiz!

Ogólne statystyki

  • Ten quiz został rozwiązany 427 razy
  • Średni wynik to 9 z 25

Statystyki odpowiedzi

PłećLata AktywnościKategoria WagowaBilans MMAOdpowiedź% Poprawnych
Mężczyzna2014-2022+Waga Półciężka11-6Jan Błachowicz
98%
Mężczyzna2020-2022+Waga Lekka/Piórkowa3-1Mateusz Gamrot
90%
Kobieta2014-2022Waga Słomkowa10-5Joanna Jędrzejczyk
89%
Kobieta2015-2022+Waga Słomkowa5-7Karolina Kowalkiewicz
78%
Mężczyzna2016-2022+Waga Ciężka8-6Marcin Tybura
76%
Mężczyzna2013-2022+Waga Średnia11-5Krzysztof Jotko
68%
Mężczyzna2017-2022+Waga Półciężka4-3Michał Oleksiejczuk
55%
Mężczyzna2013-2017Waga Ciężka4-5Daniel Omielańczuk
48%
Mężczyzna2007-2010Waga Średnia/Półciężka3-3Tomasz Drwal
39%
Mężczyzna2015-2015Waga Piórkowa/Lekka0-1Marcin Wrzosek
34%
Mężczyzna2016-2018Waga Lekka1-3Marcin Held
31%
Mężczyzna2021-2022+Waga Ciężka0-0Łukasz Brzeski
30%
Mężczyzna2014-2015Waga Półśrednia/Średnia1-2Paweł Pawlak
25%
Mężczyzna2015-2018Waga Kogucia2-4Damian Stasiak
24%
Mężczyzna2015-2021Waga Półśrednia/Średnia4-3Bartosz Fabiński
21%
Mężczyzna2011-2011Waga Lekka/Półśrednia0-1Maciej Jewtuszko
20%
Mężczyzna2014-2015Waga Półśrednia0-2Marcin Bandel
17%
Mężczyzna2016-2017Waga Ciężka0-3Damian Grabowski
16%
Mężczyzna2017-2020Waga Ciężka2-1Adam Wieczorek
15%
Mężczyzna2018-2021Waga Średnia2-3Oskar Piechota
15%
Kobieta2015-2015Waga Musza/Kogucia0-1Izabela Badurek
13%
Mężczyzna2017-2020Waga Półśrednia0-3Salim Touahri
9%
Mężczyzna2014-2015Waga Lekka2-4Piotr Hallmann
7%
Mężczyzna2015-2016Waga Lekka0-3Łukasz Sajewski
6%
Mężczyzna2018-2022+Waga Półciężka2-4Michał Prachnio
4%

Rozkład punktacji

Percentyl według liczby udzielonych odpowiedzi

Procent ludzi z każdym wynikiem

Twoja historia wyników

Nie rozwiązałeś tego quizu